| 000 | 00000nam##2200000za#4500 |
| 001 | 9.589686 |
| 003 | CaOODSP |
| 005 | 20210624195751 |
| 007 | cr ||||||||||| |
| 008 | 150406|2008||||xxc|||||o f|0| 0 fre|d |
| 040 | |aCaOODSP|bfre |
| 041 | |aeng |
| 041 | |afre |
| 043 | |an-cn--- |
| 086 | 1 |aFs97-13/1210-PDF |
| 110 | 1 |aCanada. |bMinistère des pêches et des océans. |
| 245 | 10|aRésultats préliminaires du relevé multidisciplinaire de poissons de fond et de crevette d'août 2008 dans le nord du golfe du Saint-Laurent / |h[ressource électronique]|c[par] H. Bourdages ... [et al.] |
| 260 | |aMont-Joli - Québec : |bPêches et Océans Canada |c2008. |
| 300 | |a88p. |
| 490 | 1 |aRapport statistique canadien des sciences halieutiques et aquatiques|vN° 1210 |
| 500 | |aSur la p. de t. : Institut Maurice Lamontagne, Mont-Joli, Québec. |
| 590 | |a13-23-Supp|b2013-10-08 |
| 720 | 1 |aBourdages, H. |
| 791 | |tPreliminary results from the groundfish and shrimp multidisciplinary survey in August 2008 in the northern Gulf of St. Lawrence / |eeng|w(CaOODSP)9.589685 |
| 830 | #0|aRapport statistique canadien des sciences halieutiques et aquatiques ;|vN° 1210|w(CaOODSP)9.500268 |
| 856 | 40|ahttp://publications.gc.ca|qPDF|s7265 Ko|uhttps://publications.gc.ca/collections/collection_2013/mpo-dfo/Fs97-13-1210.pdf|yN° 1210 |